| 000 | 00000nas 2200000za 4500 |
| 001 | 9.817854 |
| 003 | CaOODSP |
| 005 | 20221107142556 |
| 007 | cr ||||||||||| |
| 008 | 160518d19641972oncqr p oss f000#a0eng|d |
| 040 | |aCaOODSP|beng |
| 041 | |aeng|afre |
| 043 | |an-cn--- |
| 086 | 1 |aCS53-005-PDF |
| 245 | 00|aMotor carriers, freight quarterly (class 1 and 2 carriers only) |h[electronic resource] = |bVoiturage motorisé, marchandise trimestriel (voituriers des catégories 1 et 2 seulement). |
| 246 | 11|aVoiturage motorisé, marchandise trimestriel (voituriers des catégories 1 et 2 seulement) |
| 246 | 13|aMotor carriers, freight quarterly (class I and II carriers only) |fJan./Mar. 1969-Oct./Dec. 1971 |
| 246 | 13|aEntrepreneurs en camionnage (rapport trimestriel) (transporteurs des catégories 1 et 2 seulement) |fOct./Dec. 1967-Oct./Dec. 1971 |
| 246 | 13|aMotor carriers, freight quarterly (class I, II & III carriers only) |fJan./Mar. 1972-Apr./June 1972 |
| 246 | 13|aEntrepreneurs en camionnage (transporteurs des catégories I et II seulement) |fApr./June 1969-Oct./Dec. 1971 |
| 246 | 13|aEntrepreneurs en camionnage (transporteurs des catégories I, II et III seulement) |fJan./Mar. 1972-Apr./June 1972 |
| 260 | |aOttawa : |bDominion Bureau of Statistics, Public Finance and Transportation Division, Transportation Section = Bureau fédéral de la statistique, Division des finances publiques et des transports, Section des transports, |c1964-1972. |
| 310 | |aQuarterly |
| 362 | 0 |aVol. 1, no. 1 (March 1964)-v. 9, no. 2 (Apr./June 1972). |
| 500 | |aDigitized edition from print [produced by Statistics Canada]. |
| 520 | |aRevenues and expenses of motor carriers with gross annual operating revenues exceeding {dollar}1,000,000 by type of carrier. Selected comparison and a chart showing average operating revenues and expenses. |
| 546 | |aText in English and French. |
| 692 | 07|2gccst|aRoad transport |
| 692 | 07|2gccst|aTrucks |
| 692 | 07|2gccst|aFreight |
| 710 | 1 |aCanada. |bDominion Bureau of Statistics. |bTransportation Section. |
| 792 | |tMotor carriers, freight quarterly (class 1 and 2 carriers only) |efre|w(CaOODSP)9.817881 |